| 000 | 00387nam a22001457a 4500 | ||
|---|---|---|---|
| 020 | _a0256241678 | ||
| 082 | _a005.133 SCH | ||
| 100 | _aSchach, Stephen R. | ||
| 245 | _aSoftware Engineering with JAVA | ||
| 260 |
_aUSA _bMcGraw-Hill _c1997 |
||
| 300 | _axxii, 618 p. | ||
| 500 | _aIncludes index. | ||
| 650 | _a1. Java (Computer program language). 2. Software Engineering | ||
| 942 | _cBK | ||
| 999 |
_c13224 _d13224 |
||